[Event "SUI-ch 120th"]
[Site "Flims"]
[Date "2021.07.13"]
[Round "6"]
[White "Baenziger, Fabian"]
[Black "Hakimifard, Ghazal"]
[Result "1-0"]
[WhiteElo "2392"]
[BlackElo "2270"]
[PlyCount "95"]
[EventDate "2021.07.08"]
[EventType "tourn"]
[EventRounds "9"]
[EventCountry "SUI"]
[EventCategory "5"]
[SourceTitle "CBM 203 Extra"]
[Source "ChessBase"]
[SourceDate "2021.09.30"]
[SourceVersion "1"]
[SourceVersionDate "2021.09.30"]
[SourceQuality "1"]

1. d4 Nf6 2. c4 e6 3. Nc3 Bb4 4. Qc2 c5 5. dxc5 0-0 6. Nf3 Na6 7. g3 Nxc5 8. Bg2 Nce4 9. 0-0 Nxc3 10. bxc3 Be7 11. e4 d6 12. e5 dxe5 13. Nxe5 Qc7 14. Qe2 Nd7 15. Bf4 Nxe5 16. Bxe5 Bd6 17. Rfe1 Rb8 18. Rad1 Bxe5 19. Qxe5 Qxe5 20. Rxe5 b6 21. c5 f6 22. cxb6 axb6 23. Re3 Kf7 24. f4 b5 25. Rd6 Ke7 26. Red3 h6 27. Kf2 g5 28. Ke3 gxf4+ 29. gxf4 Rg8 30. Bf3 b4 31. c4 f5 32. c5 Rb5 33. Rc6 Kf6 34. Rc7 Rb8 35. Ra7 Rb5 36. Rc7 Rb8 37. Rh7 Rb5 38. c6 Kg6 39. Ra7 Kf6 40. Bh5 Rg7 41. Rxg7 Kxg7 42. Rd8 b3 43. axb3 Rxb3+ 44. Kd4 Ba6 45. Rd7+ Kf8 46. Ke5 Rb8 47. c7 Rc8 48. Kf6 1-0